| 000 | 00331nam a2200121Ia 4500 | ||
|---|---|---|---|
| 008 | 220204s9999 xx 000 0 und d | ||
| 082 |
_a338.532.64 _bMCN |
||
| 100 | _aMCNICOL, David L | ||
| 245 | 0 | _aCommodity agreements and price stabilization | |
| 260 |
_aToronto _bLexington _c1978 |
||
| 650 | _aCommodity agreements | ||
| 942 | _cBK | ||
| 999 |
_c36007 _d36007 |
||